2008 Election Night - Statistics

General Stats
  • This quiz has been taken 19 times
  • The average score is 47 of 56
Answer Stats
Time Called EST Electoral Votes Answer % Correct
11:00 PM 55 California
100%
8:00 PM 21 Illinois
100%
8:00 PM 10 Maryland
100%
8:00 PM 12 Massachusetts
100%
8:00 PM 15 New Jersey
100%
9:00 PM 34 Texas
100%
7:00 PM 3 Vermont
100%
Wed. 1:00 AM 3 Alaska
92%
8:00 PM 7 Connecticut
92%
8:00 PM 3 District of Columbia
92%
11:16 PM 27 Florida
92%
9:16 PM 15 Georgia
92%
11:00 PM 4 Hawaii
92%
10:00 PM 7 Iowa
92%
7:00 PM 8 Kentucky
92%
9:00 PM 17 Michigan
92%
9:00 PM 10 Minnesota
92%
9:00 PM 31 New York
92%
9:23 PM 20 Ohio
92%
8:48 PM 21 Pennsylvania
92%
7:48 PM 8 South Carolina
92%
8:00 PM 11 Tennessee
92%
7:30 PM 5 West Virginia
92%
8:40 PM 9 Alabama
85%
11:20 PM 10 Arizona
85%
8:30 PM 6 Arkansas
85%
11:35 PM 9 Colorado
85%
8:00 PM 3 Delaware
85%
11:00 PM 4 Idaho
85%
9:00 PM 6 Kansas
85%
8:00 PM 2 Maine
85%
8:00 PM 4 New Hampshire
85%
8:00 PM 7 Oklahoma
85%
2:10 AM 11 Indiana
77%
9:24 PM 9 Louisiana
77%
8:00 PM 1 Maine-1
77%
8:00 PM 1 Maine-2
77%
Early Morning 3 Montana
77%
10:35 PM 2 Nebraska
77%
10:35 PM 1 Nebraska-1
77%
Fri. 1 Nebraska-2
77%
10:35 PM 1 Nebraska-3
77%
9:32 PM 5 New Mexico
77%
Thu. 15 North Carolina
77%
10:00 PM 3 North Dakota
77%
9:00 PM 4 Rhode Island
77%
10:33 PM 3 South Dakota
77%
9:00 PM 3 Wyoming
77%
Nov. 19 11 Missouri
69%
11:44 PM 5 Nevada
69%
11:00 PM 7 Oregon
69%
10:00 PM 5 Utah
69%
11:13 PM 13 Virginia
69%
11:00 PM 11 Washington
69%
9:00 PM 10 Wisconsin
69%
10:00 PM 6 Mississippi
54%
No matching quizzes found
Score Distribution
Percent of People with Each Score
Percentile by Number Answered
Your Score History
You have not taken this quiz